[Event "Nuremberg Zabo op 11th"]
[Site "Nuremberg"]
[Date "2009.09.20"]
[Round "5"]
[White "Engel, Georg"]
[Black "Tong, Kevin"]
[Result "1-0"]
[WhiteElo "1626"]
[BlackElo "1119"]
[PlyCount "50"]
[EventDate "2009.09.18"]
[EventType "swiss"]
[EventRounds "5"]
[EventCountry "GER"]
[SourceTitle "EXT 2012"]
[Source "ChessBase"]
[SourceDate "2011.11.24"]
[SourceVersion "1"]
[SourceVersionDate "2011.11.24"]
[SourceQuality "1"]

1. e4 e5 2. f4 exf4 3. Nf3 Nc6 4. Bc4 Nf6 5. d3 Bc5 6. Bxf4 d6 7. c3 Bg4 8. Nbd2 Qd7 9. d4 Bb6 10. 0-0 0-0 11. h3 Bh5 12. a4 a6 13. b4 Ne5 14. Be2 Bxf3 15. Bxf3 Ng6 16. Bh2 Rfe8 17. Kh1 h6 18. Qc2 c6 19. Nc4 Bc7 20. Rad1 d5 21. e5 Nh7 22. Nd2 Ng5 23. Bh5 Qe6 24. Bg4 Qe7 25. g3 a5 1-0

[Event "Nuremberg Zabo op 11th"]
[Site "Nuremberg"]
[Date "2009.09.19"]
[Round "2"]
[White "Heinlein, Hans Albert"]
[Black "Engel, Georg"]
[Result "1/2-1/2"]
[WhiteElo "1353"]
[BlackElo "1626"]
[PlyCount "93"]
[EventDate "2009.09.18"]
[EventType "swiss"]
[EventRounds "5"]
[EventCountry "GER"]
[SourceTitle "EXT 2012"]
[Source "ChessBase"]
[SourceDate "2011.11.24"]
[SourceVersion "1"]
[SourceVersionDate "2011.11.24"]
[SourceQuality "1"]

1. c4 c5 2. Nc3 Nf6 3. e3 e6 4. d4 d5 5. dxc5 Bxc5 6. a3 a5 7. Nf3 0-0 8. Na4 Ba7 9. b4 Bd7 10. b5 Qc7 11. Qb3 b6 12. Bb2 dxc4 13. Bxc4 Ne4 14. 0-0 Nc5 15. Nxc5 Qxc5 16. Bd4 Qe7 17. Ne5 Bc8 18. f4 Bb7 19. Be2 Nd7 20. Nxd7 Qxd7 21. Rad1 Bd5 22. Qb2 f6 23. a4 Qb7 24. Bf3 Bxf3 25. Rxf3 Rac8 26. Qb3 Qd5 27. Qxd5 exd5 28. Rf2 Rc4 29. Ra1 Rfc8 30. Rd2 Kf7 31. Kf2 Ke6 32. g4 g6 33. Kf3 Rb4 34. h4 Rcc4 35. Rda2 Rb3 36. Ra3 Rxa3 37. Rxa3 Rc1 38. Rc3 Rxc3 39. Bxc3 Bb8 40. Bd4 Bc7 41. e4 dxe4+ 42. Kxe4 f5+ 43. gxf5+ gxf5+ 44. Ke3 h5 45. Kd3 Kd5 46. Be3 Bd8 47. Bf2 1/2-1/2

[Event "Mittelfranken-ch QT 53rd"]
[Site "Lauf"]
[Date "2004.04.09"]
[Round "5"]
[White "Engel, Georg"]
[Black "Grasser, Stefan"]
[Result "0-1"]
[WhiteElo "1521"]
[BlackElo "1701"]
[PlyCount "146"]
[EventDate "2004.04.07"]
[EventType "swiss"]
[EventRounds "7"]
[EventCountry "GER"]
[SourceTitle "EXT 2015"]
[Source "ChessBase"]
[SourceDate "2014.11.20"]
[SourceVersion "1"]
[SourceVersionDate "2014.11.20"]
[SourceQuality "1"]

1. e4 c5 2. Nf3 Nc6 3. d4 cxd4 4. Nxd4 d6 5. Be2 Nf6 6. Nc3 a6 7. Be3 g6 8. Qd2 Bg7 9. f3 d5 10. exd5 Nxd5 11. Nxc6 bxc6 12. Nxd5 cxd5 13. 0-0-0 Be6 14. Bd4 f6 15. g4 Bf7 16. h4 0-0 17. g5 e5 18. gxf6 Qxf6 19. Be3 d4 20. Bh6 Qe6 21. b3 Qe7 22. Kb2 a5 23. a4 Rfc8 24. Bxg7 Kxg7 25. Bd3 Rc3 26. Rdg1 Rb8 27. Bb5 Qb4 28. Kc1 Bxb3 29. Kd1 Bxc2+ 30. Ke1 Re3+ 31. Be2 Qxd2+ 32. Kxd2 Bxa4 33. Rb1 Rxb1 34. Rxb1 Rb3 35. Ra1 Rb2+ 36. Ke1 Bb5 37. Bd1 a4 38. Bxa4 Bxa4 39. Rxa4 Rh2 40. Ra6 Rxh4 41. Re6 Rh5 42. Ke2 Kf7 43. Rb6 Rf5 44. Rb7+ Kg8 45. Rb8+ Kg7 46. Rb7+ Kh6 47. Re7 g5 48. Re6+ Kh5 49. Rd6 g4 50. fxg4+ Kxg4 51. Rh6 Rf7 52. Kd3 Kg5 53. Rh2 Kf5 54. Rf2+ Ke6 55. Rh2 Rf3+ 56. Ke2 Rf7 57. Kd3 Kd5 58. Rh5 Rf3+ 59. Ke2 Re3+ 60. Kd2 Rg3 61. Rxh7 Rg2+ 62. Ke1 e4 63. Rd7+ Kc4 64. Rc7+ Kd3 65. Ra7 Ke3 66. Ra3+ d3 67. Kf1 Rb2 68. Ra1 Kd2 69. Re1 e3 70. Ra1 Rc2 71. Re1 Rc1 72. Rxc1 Kxc1 73. Ke1 d2+ 0-1